| 000 | 00581 a2200169 4500 | ||
|---|---|---|---|
| 001 | 189377 | ||
| 020 | _a978-85-7631-101-0 | ||
| 040 | _cMagnum | ||
| 100 | _aMinistério da Relações Exteriores | ||
| 240 | 1 | 0 |
_aII conferência nacional de política externa e política internacional _lpor |
| 245 | 1 | 0 | _aII conferência nacional de política externa e política internacional |
| 300 | _a248 | ||
| 362 | 0 | _a2008 | |
| 440 | 1 | _aFundação Alexandre de Gusmão | |
| 697 | _aRELALÇÕES INTERNACIONAIS, POLÍTICA MUNDIAL. POLÍTICA INTERNACIONAL. POLÍTICA EXTERNA | ||
| 942 | _cBK | ||
| 999 |
_c189377 _d189377 |
||